Quizzes
Events
Quiz Creation
Community
Videos
Private Events
Remove Ads
Sign In
Join for FREE
Feedback
Dark Mode
Quiz Categories
Sports
Geography
Music
Movies
Television
Just For Fun
Miscellaneous
History
Literature
Language
Science
Gaming
Entertainment
Religion
Holiday
For Kids
Quiz Lab
Recent
Popular Today
Quiz Kudos Today
Editor Picks
Curator Picks
Quizzes by...
Day
Popularity
Type
Ratings
Length
Year
Community
Subscriptions
Recent Discussions
Orange Saloon
Badges
Playlists
Quests
Create
Leaderboards
Showdown
Live 5
Trivia Bingo
Activity
Puzzle Library
Sporcle Events
Private Events
Virtual Trivia
Globe League
Become a Host
Pub Owners
SporcleCon
Opinionation
Our Games
Videos
Blog
Mobile Apps
Partnerships
Remove Ads and Go Orange
Feedback
Sports
Athletes
MLB
NBA
NHL
NFL
Soccer
Sports Teams
WWE
NCAA
Football
Premier League
Basketball
Baseball
Hockey
Golf
Tennis
Cricket
Rugby
Auto Racing
Olympics
World Cup
Sports
Athletes
MLB
NBA
NHL
NFL
Soccer
Sports Teams
WWE
NCAA
Football
Premier League
Basketball
Baseball
Hockey
Golf
Tennis
Cricket
Rugby
Auto Racing
Olympics
World Cup
Random Quiz
Search Sporcle
×
Quiz Lab
Quiz Lab
Sports
MLB
Type in answers that appear in a list
Type in answers that appear in a list
Classic
Best Score? Go Orange.
MLB Closers of the '00s Stats
Can you name the Top MLB Closers of the '00s, by team?
By
deej
15m
90 Questions
2,216 Plays
2,216 Plays
2,216 Plays
Comments
Comments
Give Quiz Kudos
Give Quiz Kudos
-
- Ratings
hide this ad
More Info
Replay
Link that replays current quiz
Next Quiz
Link to next quiz in quiz playlist
You Got
0%
They Got
Avg Score
43%
Avg Friend Score
Upgrade to see
Score Distribution
Jump to the score distribution portion of the page
Score
0/90
Timer
15:00
0
Plays Today
Team
Pitcher
% Correct
Yankees
Mariano Rivera
98.9%
Padres
Trevor Hoffman
88%
Red Sox
Jonathan Papelbon
87.9%
Angels
Francisco Rodriguez
84.1%
Twins
Joe Nathan
78.9%
Mets
Billy Wagner
76.7%
Phillies
Billy Wagner
76.7%
Astros
Billy Wagner
76.7%
Dodgers
Eric Gagne
74.9%
Braves
John Smoltz
73.3%
Phillies
Brad Lidge
69.9%
Astros
Brad Lidge
69.9%
Athletics
Jason Isringhausen
67.5%
Cardinals
Jason Isringhausen
67.5%
Athletics
Huston Street
62.2%
Rockies
Huston Street
62.2%
Rangers
Francisco Cordero
62.2%
Brewers
Francisco Cordero
62.2%
Reds
Francisco Cordero
62.2%
Expos/
Nats
Chad Cordero
62.1%
Tigers
Todd Jones
62%
Rays
Troy Percival
61.7%
Angels
Troy Percival
61.7%
Royals
Joaquim Soria
60%
Giants
Brian Wilson
59.2%
Rangers
CJ Wilson
59.1%
White Sox
Bobby Jenks
58.6%
White Sox
Keith Foulke
57.5%
Athletics
Keith Foulke
57.5%
Giants
Robb Nen
56.9%
Team
Pitcher
% Correct
Astros
Jose Valverde
54.9%
Diamondbacks
Jose Valverde
54.9%
Blue Jays
BJ Ryan
54.7%
Diamondbacks
Byung-Hyun Kim
54.5%
Cubs
Kerry Wood
54%
Mets
Armando Benitez
49.6%
Marlins
Armando Benitez
49.6%
Giants
Armando Benitez
49.6%
Braves
Rafael Soriano
49.1%
Phillies
Jose Mesa
48.6%
Pirates
Jose Mesa
48.6%
Angels
Brian Fuentes
46.6%
Rockies
Brian Fuentes
46.6%
Mariners
Kaz Sasaki
45.2%
Tigers
Fernando Rodney
45%
Mariners
JJ Putz
42%
Indians
Bob Wickman
40.3%
Royals
Roberto Hernandez
40%
Padres
Heath Bell
39.3%
Pirates
Mike Williams
38.9%
Expos/
Nats
Jon Rauch and Ugueth Urbina
38.7%
Red Sox
Ugueth Urbina
36.7%
Tigers
Ugueth Urbina
36.7%
Twins
Eddie Guardado
35.8%
Mariners
Eddie Guardado
35.8%
Red Sox
Derek Lowe
35.4%
Cubs
Ryan Dempster
32.9%
Padres
Rod Beck
32.1%
Blue Jays
Billy Koch
31.6%
Pirates
Matt Capps
29.8%
Team
Pitcher
% Correct
Marlins
Kevin Gregg
29.7%
Braves
John Rocker
29%
Cardinals
Ryan Franklin
27.5%
Marlins
Antonio Alfonseca
27.5%
Reds
Danny Graves
27.4%
Indians
Joe Borowski
26.8%
Cubs
Joe Borowski
26.8%
Dodgers
Takashi Saito
24%
Orioles
George Sherrill
23.5%
Orioles
Chris Ray
21.4%
Brewers
Derrick Turnbow
20.8%
Twins
LaTroy Hawkins
20%
Rays
Danys Baez
19.7%
Indians
Danys Baez
19.7%
Mets
Braden Looper
18.3%
Rockies
Jose Jimenez
18.1%
Yankees
Ramiro Mendoza
17.6%
Dodgers
Jeff Shaw
16.3%
Reds
Dave Weathers
16%
Diamondbacks
Matt Mantei
15.4%
Brewers
Dan Kolb
15.1%
Orioles
Jorge Julio
13.9%
Royals
Mike MacDougal
13.7%
Blue Jays
Kelvim Escobar
11.2%
White Sox
Dustin Hermanson
11.1%
Yankees
Steve Karsay
8.5%
Rays
Esteban Yan
6.5%
Rangers
Akinori Otsuka
5.9%
Cardinals
Dave Veres
5.7%
Expos/
Nats
Rocky Biddle
5.2%
Quiz Playlist
Details
Report
Send in Message
Add To Playlist
More Info:
Can you name the closers who recorded the most saves for each team during the decade of the 2000s?
Classic:
Type in answers that appear in a list
Quiz Source
Last Updated: Aug 29, 2017
Quiz Scoreboard
CHALLENGE
Sign Up to Join the Scoreboard
Show All
Scores
Hide
Comments
May contain spoilers
Recently Published
Movies - When Are They Set?
by FPL_Elf
Movies
5m
Popular People in 1961
by mucciniale
History
6m
1-10 Letter E Words III
by El_Dandy
Language
2m
More to Explore
Quiz From the Vault
Featured Blog Post
Where Did the Easter Bunny Come From?
hide this ad
You Might Also Like...
Tags
Baseball Quiz
MLB Quiz
2000s
Closer
Pitchers
Save
team
Today's Top Quizzes in Sports
Browse Sports
hide this ad
Today's Top Quizzes in MLB
Browse MLB
Top Contributed Quizzes in Sports
1
Les meilleurs buteurs des matchs entre le PSG et l’OM
2
FIFA Club World Cup Champions
3
Les entraîneurs de l'OM et du PSG au 21e siècle
4
2022 World Cup Stars
5
Name the Premier League winners with different clubs
6
La finale Lions - Afrique du Sud 2021
7
Criteria MLB: Left Handed Sluggers
8
Les joueurs passés par le LOSC et le RC Lens
9
Players with Multiple 50 Home Run Seasons
10
MLB Players with Two .350 Batting Average Seasons
Explore More
Trending Topics
Crossword
Marvel
Disney
NBA
Kpop
Anime
Harry Potter
Soccer
Song
Country
NFL
Puzzle
Pokémon
WWE
The Office
hide this ad
More By:
deej
Quiz
Plays
Rating
Category
Featured
Created
MLB 40-HRs by 4-Letter Players
176,932
4.01
Sports
Oct 1, 2009
MLB 300 HR with 1 Team
143,170
4.63
Sports
Jun 21, 2010
MLB Pitching Rotations (2000s)
132,821
4.52
Sports
Mar 16, 2010
MLB Batting Title Blitz - 2010s
76,613
4.40
Sports
Oct 23, 2012
MLB 30 HR Seasons (1990s)
74,874
4.64
Sports
Jun 2, 2013
Go to Creator's Profile
Score Distribution
Quiz Creator Spotlight
deej
Follow
Send a Message
Quizzes Created
-
Created Quiz Play Count
-
More By This Creator
Popular Quizzes Today
1
Find the Countries of Europe - No Outlines Minefield
2
Find the US States - No Outlines Minefield
3
The Countries of the World
4
Popular People in 1961
5
1-10 Letter E Words III
6
US States
7
Find the US States
8
One Thing in Common: World Cities II
More Sports Quizzes
Former Liverpool players in Premiership
Quiz Lab
Trending Quizzes
Risky Map Clicking: Least Populous States A-Z
Humor Books: The Subtitles
1-10 Letter F Words
1-10 Letter G Words
One Thing in Common: United Kingdom
Recently Updated
Leaping Animals
pecheneg
Reality TV Shows (A-Z)
bhenderson79
Rickey Henderson's Hall of Fame Teammates
pecheneg
Champions League XIs: Arsenal
pecheneg
Quick Pick: Celebrities in WWE's Hall of Fame
aduchscher
A-Z Keypad Blitz II
pecheneg
Multiple Oscar Actors
pecheneg
Mystery Phrase Blitz: Oscar 'Best Actors'
pecheneg
F. Scott Fitzgerald Novels
LTH
Pick 3 Villains
ddd62291
Trending Topics
Disney
Anime
Harry Potter
Marvel
Crossword
NBA
Kpop
WWE
Pokémon
Song
NFL
Country
Soccer
Puzzle
The Office
Your Account Isn't Verified!
In order to create a playlist on Sporcle, you need to verify the email address you used during registration. Go to your
Sporcle Settings
to finish the process.
Report this User
Report this user for behavior that violates our
Community Guidelines
.
Details:
Send Report
Go to the Sporcle.com Mobile Site →
Comments